Highway 12 / (Record no. 261024)
[ view plain ]
| 000 -LEADER | |
|---|---|
| fixed length control field | 01560nam a22004338a 4500 |
| 001 - CONTROL NUMBER | |
| control field | ocm57475811 |
| 003 - CONTROL NUMBER IDENTIFIER | |
| control field | OCoLC |
| 005 - DATE AND TIME OF LATEST TRANSACTION | |
| control field | 20200320180643.0 |
| 008 - FIXED-LENGTH DATA ELEMENTS--GENERAL INFORMATION | |
| fixed length control field | 050119s2005 utu b s000 0 eng |
| 010 ## - LIBRARY OF CONGRESS CONTROL NUMBER | |
| LC control number | 2005001647 |
| 020 ## - INTERNATIONAL STANDARD BOOK NUMBER | |
| International Standard Book Number | 0874215730 (pbk. : alk. paper) |
| 020 ## - INTERNATIONAL STANDARD BOOK NUMBER | |
| Terms of availability | 17.95 |
| 040 ## - CATALOGING SOURCE | |
| Original cataloging agency | DLC |
| Transcribing agency | DLC |
| Modifying agency | OCLCQ |
| -- | WACOL |
| 042 ## - AUTHENTICATION CODE | |
| Authentication code | pcc |
| 043 ## - GEOGRAPHIC AREA CODE | |
| Geographic area code | n-us-ut |
| 049 ## - LOCAL HOLDINGS (OCLC) | |
| Holding library | WACL |
| 050 00 - LIBRARY OF CONGRESS CALL NUMBER | |
| Classification number | F824.3 |
| Item number | .P76 2005 |
| 082 00 - DEWEY DECIMAL CLASSIFICATION NUMBER | |
| Classification number | 917.9204034 |
| Edition number | 22 |
| 092 ## - LOCALLY ASSIGNED DEWEY CALL NUMBER (OCLC) | |
| Classification number | 917.9 |
| Item number | Pro |
| 100 1# - MAIN ENTRY--PERSONAL NAME | |
| Personal name | Probasco, Christian, |
| Dates associated with a name | 1967- |
| 9 (RLIN) | 5828892 |
| 245 10 - TITLE STATEMENT | |
| Title | Highway 12 / |
| Statement of responsibility, etc | Christian Probasco. |
| 246 3# - VARYING FORM OF TITLE | |
| Title proper/short title | Highway Twelve |
| 260 ## - PUBLICATION, DISTRIBUTION, ETC. (IMPRINT) | |
| Place of publication, distribution, etc | Logan, Utah : |
| Name of publisher, distributor, etc | Utah State University Press, |
| Date of publication, distribution, etc | 2005. |
| 263 ## - PROJECTED PUBLICATION DATE | |
| Projected publication date | 0504 |
| 300 ## - PHYSICAL DESCRIPTION | |
| Extent | p. cm. |
| 504 ## - BIBLIOGRAPHY, ETC. NOTE | |
| Bibliography, etc | Includes bibliographical references. |
| 651 #0 - SUBJECT ADDED ENTRY--GEOGRAPHIC NAME | |
| Geographic name | Utah |
| Form subdivision | Guidebooks. |
| 9 (RLIN) | 5686475 |
| 651 #0 - SUBJECT ADDED ENTRY--GEOGRAPHIC NAME | |
| Geographic name | Utah |
| General subdivision | Description and travel. |
| 9 (RLIN) | 93403 |
| 651 #0 - SUBJECT ADDED ENTRY--GEOGRAPHIC NAME | |
| Geographic name | United States Highway 12 |
| Form subdivision | Guidebooks. |
| 9 (RLIN) | 5828893 |
| 650 #0 - SUBJECT ADDED ENTRY--TOPICAL TERM | |
| Topical term or geographic name as entry element | Automobile travel |
| Geographic subdivision | Utah |
| Form subdivision | Guidebooks. |
| 9 (RLIN) | 5775508 |
| 651 #0 - SUBJECT ADDED ENTRY--GEOGRAPHIC NAME | |
| Geographic name | Grand Staircase-Escalante National Monument (Utah) |
| General subdivision | Description and travel. |
| 9 (RLIN) | 5828894 |
| 651 #0 - SUBJECT ADDED ENTRY--GEOGRAPHIC NAME | |
| Geographic name | Bryce Canyon National Park (Utah) |
| General subdivision | Description and travel. |
| 9 (RLIN) | 5752227 |
| 651 #0 - SUBJECT ADDED ENTRY--GEOGRAPHIC NAME | |
| Geographic name | Capitol Reef National Park (Utah) |
| General subdivision | Description and travel. |
| 9 (RLIN) | 5828895 |
| 856 41 - ELECTRONIC LOCATION AND ACCESS | |
| Materials specified | Table of contents |
| Uniform Resource Identifier | <a href="http://www.loc.gov/catdir/toc/ecip056/2005001647.html">http://www.loc.gov/catdir/toc/ecip056/2005001647.html</a> |
| 942 ## - ADDED ENTRY ELEMENTS (KOHA) | |
| Koha item type | BOOK |
| 948 ## - LOCAL PROCESSING INFORMATION (OCLC); SERIES PART DESIGNATOR (RLIN) | |
| Series part designator, SPT (RLIN) | 05/20/2005 |
| z (OCLC) | Sirsi |
| 994 ## - | |
| -- | 02 |
| -- | WACOL |
| 996 ## - | |
| -- | 41866 |
| -- | 34301000458838 |
| -- | nf |
| -- | bk |
| -- | wcl |
| -- | i |
| -- | 5 |
| -- | 17.95 |
| -- | USU Press |
| -- | 917.9 Pro |
| -- | 05/20/2005 |
| -- | 04/01/2016 |
| -- | 03/17/2016 |
| Withdrawn status | Lost status | Source of classification or shelving scheme | Damaged status | Not for loan | Collection code | Home library | Current library | Shelving location | Date acquired | Cost, normal purchase price | Total Checkouts | Total Renewals | Full call number | Barcode | Checked out | Date last seen | Date checked out | Cost, replacement price | Price effective from | Koha item type |
|---|---|---|---|---|---|---|---|---|---|---|---|---|---|---|---|---|---|---|---|---|
| Dewey Decimal Classification | General NonFiction | Wasatch County Library | Wasatch County Library | Second Floor | 05/20/2005 | 17.95 | 8 | 3 | 917.9 Pro | 34301000458838 | 03/07/2026 | 01/09/2026 | 01/09/2026 | 17.95 | 03/20/2020 | BOOK |
